Les saveurs des chips Brets par nombre de ventes - Statistiques

Statistiques générales
  • Ce quiz a été pris 74 fois
  • Le résultat moyen est 12 sur 33
Statistiques - réponses
Hint Réponse % Correct
Chips saveur Sauce Barbecue
72%
Chips saveur Poulet Braisé
69%
Chips saveur Pastis
68%
Chips saveur Fromage du Jura
62%
Chips saveur Pesto Mozzarella
57%
Chips saveur Chèvre piment d'Espelette
52%
Chips saveur Pizza au feux de bois
51%
Chips saveur Miel Moutarde
48%
Chips saveur Bleu d'Auvergne
46%
Chips saveur Bleu Pancetta
46%
Chips saveur Sauce Curry
46%
Chips saveur Tartiflette
45%
Chips saveur Yakitori
43%
Chips saveur Côte de boeuf grillée
38%
Chips saveur Sel vinaigre
38%
Chips saveur Bacon grillé
35%
Chips saveur Camembert
34%
Chips saveur Pili Pili
34%
Chips saveur Cheddar Jalapeño
32%
Chips saveur Aïoli
31%
Chips saveur Pommes frites
28%
Chips saveur Petits oignons
26%
Chips saveur Fromage frais et fines herbes
25%
Chips saveur Cèpes
23%
Chips saveur Tomates séchées et vinaigre balsamique
23%
Chips saveur Beurre salé
18%
Chips saveur Cheddar oignons de Roscoff
18%
Chips saveur Poivrons grillés chorizo
18%
Bonus Belgique et Nord de la France Brie et Truffe
17%
Bonus Belgique et Nord de la France Truffe d'été
14%
Chips saveur Chili pointe de menthe
12%
Bonus Belgique et Nord de la France Carbonnade Flamande
8%
Chips saveur Confits d'oignons au vinaigre balsamique
3%
Aucun quiz correspondant
Distribution des résultats
% des personnes avec chaque résultat
Percentile par nombre de réponses
Votre historique - résultats
Vous n’avez pas pris ce quiz